| 000 | 01690cam a2200397 a 4500 | ||
|---|---|---|---|
| 090 | _c0 | ||
| 001 | 14955565 | ||
| 005 | 20090127090339.0 | ||
| 008 | 070807s2006 enka b 001 0 eng d | ||
| 010 | _a2007279057 | ||
| 020 | _a0470019263 | ||
| 020 | _a9780470019269 (PB) | ||
| 020 | _a9780470019252 (HB) | ||
| 020 | _a0470019255 | ||
| 035 | _a(OCoLC)ocm81144737 | ||
| 040 |
_aTEF _cTEF _dTEF _dBAKER _dYDXCP _dBTCTA _dLML _dDLC |
||
| 042 | _alccopycat | ||
| 050 | 0 | 0 |
_aHT241 _b.D76 2006 |
| 082 | 0 | 4 |
_a307.76 _222 _bDRO |
| 100 | 1 | _aDroege, Peter. | |
| 245 | 1 | 4 |
_aThe Renewable City : _bA Comprehensive Guide to an Urban Revolution / _cPeter Droege. |
| 260 |
_aChichester, England ; _aHoboken, NJ : _bWiley-Academy, _cc2006. |
||
| 300 |
_axii, 309 : _bill. ; _c23 cm. |
||
| 504 | _aIncludes bibliographical references (p. 259-285) and index. | ||
| 650 | 0 | _aUrban ecology (Sociology) | |
| 650 | 0 | _aRenewable energy sources. | |
| 650 | 0 | _aCivic improvement. | |
| 650 | 0 |
_aCities and towns _xEffect of technological innovations on. |
|
| 650 | 0 | _aCity planning. | |
| 856 | 4 | 2 |
_3Contributor biographical information _uhttp://www.loc.gov/catdir/enhancements/fy0740/2007279057-b.html |
| 856 | 4 | 2 |
_3Publisher description _uhttp://www.loc.gov/catdir/enhancements/fy0740/2007279057-d.html |
| 856 | 4 | 1 |
_3Table of contents only _uhttp://www.loc.gov/catdir/enhancements/fy0740/2007279057-t.html |
| 942 |
_2ddc _cBB |
||
| 999 |
_c10682 _d10682 |
||